000 00506nam a2200217Ia 4500
005 20250425162703.0
008 250425s9999 xx 000 0 und d
041 _aspa
043 _aec
082 _a639.8
245 0 _aMEMORIAS DEL PRIMER CONGRESO ECUATORIANO DE ACUICULTURA
250 _aS.E
260 _aEcuador
_bESPOL
_c1992
260 _aGUAYAQUIL
300 _a275
650 _aACUICULTURA
650 _aLARVAS DE CAMARON
650 _aPEZ-CULTIVO
942 _c01
010 _a96809
999 _c234362
_d234362